| 000 | 00623nam a2200205 a 4500 | ||
|---|---|---|---|
| 005 | 20140310183314.0 | ||
| 008 | 051017s19uu xx 00 eng d | ||
| 020 | _a9780071227186 | ||
| 050 |
_aHG 4026 _b.R823 2003 |
||
| 100 | _aRoss, Stephen A. | ||
| 245 |
_aFundamentals of corporate finance / _cStephen A. Ross, Randolph W. Westerfield and Bradford D. Jordan. |
||
| 250 | _a6th ed. | ||
| 260 |
_aNew York, NY : _bMcGraw-Hill, _c2003. |
||
| 300 |
_a776 p. : _bill. col. ; _c26 cm. |
||
| 521 | _aBSBA | ||
| 700 | _aWesterfield, Randolph W. | ||
| 700 | _aJordan, Bradford | ||
| 942 |
_cBK _2lcc _kFOR |
||
| 999 |
_c21233 _d21233 |
||